000 00728nam a2200145Ia 4500
008 240429s9999||||xx |||||||||||||| ||und||
041 _aeng
082 _aPM/DWSS/16
100 _aParliament of Ghana
245 0 _aJoint Memorandum To Parliament By The Hon. Minister for Water Resources, Works And Housing And Hon. Minister For Finance For A Loan Agreement For The Construction And Rehabilitation Of Damongo Water Supply System 2016.
300 _a7p:tabs
650 _aJoint Memorandum To Parliament By The Hon. Minister for Water Resources, Works And Housing - And Hon. Minister For Finance For A Loan Agreement For The Construction And Rehabilitation - Of Damongo Water Supply System 2016.
942 _cMOU
999 _c2971
_d2971